Philippines Provinces and Provincial Capitals Quiz - Statistics

General Stats
  • This quiz has been taken 80 times
  • The average score is 88 of 167
Answers on the Map
Answers color-coded by a green-red scale on the quiz's map according to % correct below.
 
Answer Stats
Answer % Correct
Cagayan
84%
Cebu
82%
Isabela
80%
Batangas
76%
Batangas City
76%
Ilocos Norte
76%
Palawan
76%
Bataan
73%
Pangasinan
73%
Quezon
73%
Tarlac
73%
Abra
71%
Aklan
71%
Apayao
71%
Aurora
71%
Batanes
71%
Ilocos Sur
71%
Iloilo
71%
Manila
71%
Leyte
69%
Masbate
69%
Romblon
69%
Bohol
67%
Ifugao
67%
Mountain Province
67%
Nueva Ecija
67%
Nueva Vizcaya
67%
Pampanga
67%
Rizal
67%
Sorsogon
67%
Zambales
67%
Agusan del Norte
64%
Agusan del Sur
64%
Antique
64%
Bulacan
64%
Catanduanes
64%
Cavite
64%
Kalinga
64%
Laguna
64%
Puerto Princesa
64%
Quirino
64%
Capiz
62%
Negros Occidental
62%
Negros Oriental
62%
Occidental Mindoro
62%
Oriental Mindoro
62%
Samar
62%
Siquijor
62%
Sulu
62%
Vigan
62%
Albay
60%
Benguet
60%
Bukidnon
60%
Camarines Norte
60%
Camarines Sur
60%
Cotabato
60%
Davao del Norte
60%
Guimaras
60%
La Union
60%
Marinduque
60%
San Fernando (La Union)
60%
San Fernando (Pampanga)
60%
Southern Leyte
60%
Surigao City
60%
Tawi-Tawi
60%
Tuguegarao
60%
Basilan
58%
Davao del Sur
58%
Eastern Samar
58%
Laoag
58%
Lingayen
58%
South Cotabato
58%
Surigao del Norte
58%
Surigao del Sur
58%
Zamboanga del Norte
58%
Zamboanga del Sur
58%
Zamboanga Sibugay
58%
Bacolod
56%
Baler
56%
Basco
56%
Lanao del Norte
56%
Northern Samar
56%
Antipolo
53%
Biliran
53%
Davao Oriental
53%
Misamis Occidental
53%
Misamis Oriental
53%
Sarangani
53%
Sultan Kudarat
53%
Bangued
51%
Davao Occidental
51%
Lanao del Sur
51%
La Trinidad
51%
Camiguin
49%
Davao de Oro
49%
Iba
49%
Lucena
49%
San Jose
49%
San Jose de Buenavista
49%
Dinagat Islands
47%
Kalibo
47%
Malolos
47%
Daet
44%
Jolo
44%
Maguindanao del Norte
44%
Virac
44%
Balanga
42%
Calapan
42%
Dumaguete
42%
Legazpi
42%
Palayan
42%
Pili
42%
Roxas
42%
Tabuk
42%
Bontoc
40%
Cagayan de Oro
40%
Ilagan
40%
Kabugao
40%
Maguindanao del Sur
40%
Santa Cruz
40%
Tacloban
40%
Tagbilaran
40%
Bayombong
38%
Cabarroguis
38%
Imus
38%
Lagawe
38%
Malaybalay
38%
Marawi
38%
Tarlac City
38%
Boac
33%
Catarman
33%
Digos
33%
Dipolog
33%
Mamburao
33%
Mati
33%
Naval
33%
Bongao
31%
Catbalogan
31%
Ipil
31%
Jordan
31%
Maasin
31%
Pagadian
31%
Tagum
31%
Alabel
29%
Cabadbaran
29%
Prosperidad
29%
Trece Martires
29%
Koronadal
27%
Tandag
27%
Borongan
24%
Isulan
24%
Mambajao
24%
Oroquieta
24%
Kidapawan
22%
Buluan
20%
Tubod
20%
Datu Odin Sinsuat
18%
Malita
18%
Nabunturuan
9%
No matching quizzes found
Score Distribution
Percent of People with Each Score
Percentile by Number Answered
Your Score History
You have not taken this quiz